Top 10 most important and famous people from Virginia - Statistics

General Stats
  • This quiz has been taken 48 times
  • The average score is 6 of 10
Answer Stats
Hint Answer % Correct
First President George Washington
100%
Third President and one of the Founding Fathers Thomas Jefferson
96%
Fourth President and one of the Founding Fathers James Madison
85%
Confederate general during the American Civil War, towards the end of which he was appointed the overall commander of the Confederate States Army Robert E. Lee
85%
President from 1913 to 1921 Woodrow Wilson
73%
Singer, Happy, Down In Atlanta Pharrell Williams
65%
Actress famous for her roles in The Blind Side and Gravity Sandra Bullock
65%
Basketball player who played 14 seasons in NBA at both the shooting guard and point guard positions with Philadelphia 76ers, Denver Nuggets and Detroit Pistons Allen Iverson
23%
Singer, With You, Run It Chris Brown
19%
Female singer, one of the most influential vocalists of XX century and was one of the first country music artists to cross over into pop music Patsy Cline
12%
No matching quizzes found
Score Distribution
Percent of People with Each Score
Percentile by Number Answered
Your Score History
You have not taken this quiz